Biological control by natural enemies (Record no. 18653)

000 -LEADER
fixed length control field 00388nam a2200145 4500
020 ## - INTERNATIONAL STANDARD BOOK NUMBER
ISBN 0521203805
-- 0521098351 (pbk.)
040 ## - CATALOGING SOURCE
Transcribing agency CIN
082 ## - DEWEY DECIMAL CLASSIFICATION NUMBER
Classification number 632 CUP 1974 C150 Or.
100 10 - MAIN ENTRY--AUTHOR NAME
Personal name DeBach, Paul
245 10 - TITLE STATEMENT
Title Biological control by natural enemies
260 0# - PUBLICATION, DISTRIBUTION, ETC. (IMPRINT)
Place of publication [London,
-- New York]
Name of publisher Cambridge University Press
Year of publication [1974]
300 ## - PHYSICAL DESCRIPTION
Number of Pages 323 p.
Dimensions 22 cm
650 #0 - SUBJECT ADDED ENTRY--TOPICAL TERM
Topical Term Pests
942 ## - ADDED ENTRY ELEMENTS (KOHA)
Koha item type ADB
952 ## - LOCATION AND ITEM INFORMATION (KOHA)
Withdrawn status [LOCAL, KOHA] 0
Holdings
Source of acquisition Permanent Location Date acquired Koha item type Lost status Shelving location Current Location Full call number
A38643Library Block C2019-12-31សៀវភៅភាសាអង់គ្លេស C150Library Block C632 CUP 1974 C150 Or.
មជ្ឈមណ្ឌលឯការនៃសាកលវិទ្យាល័យភូមិន្ទកសិកម្មចំការដូង

Powered by Koha